000 01861nam0a2200397 4500
001 RU\NLR\bibl\134822
005 20260405081007.0
021 _aRU
_b2000-36212
_91675
035 _a(NLR Aleph) 000132070
090 _a754522
_c754523
100 _a20010205d2000 |||y0rusy50 ca
101 0 _arus
102 _aRU
105 _ay |||||||||
200 1 _aОперационные, внереализационные и чрезвычайные доходы и расходы
_fН.В. Абрамова
210 _aМ.
_cГлавбух
_d2000
215 _a160,[3] с.
_d20
225 1 _aБиблиотека журнала "Главбух"
_vВып. N°7/2000
606 0 _aПредприятия
_xДоходы
_xБухгалтерский учет
_yРоссийская Федерация
_92196884
_3RU\NLR\auth\661320309
606 0 _aПредприятия
_xДоходы
_xНалоговое обложение
_yРоссийская Федерация
_92196887
_3RU\NLR\auth\661320311
606 0 _aПредприятия
_xРасходы
_xБухгалтерский учет
_yРоссийская Федерация
_92196886
_3RU\NLR\auth\661320310
606 0 _aПредприятия
_xРасходы
_xНалоговое обложение
_yРоссийская Федерация
_92196890
_3RU\NLR\auth\661320313
610 0 _aБухгалтерский учет
675 _a657.1
_v3
_zrus
686 _a06.75
_2rugasnti
686 _a65.052
_2rubbk
686 _aУ26(2)8
686 _aУ052.9(2)2
700 1 _4070
_8rus
_7ca
_aАбрамова
_bН.В.
_cэкономист, налоги
_gНаталия Витальевна
_3RU\NLR\AUTH\7728042
_911073
801 0 _aRU
_bRKP
_c20010205
_gPSBO
801 1 _aRU
_bRKP
_c20010205
801 2 _aRU
_bNLR
_c20010314
_grcr
942 _cBOOK
980 _aNB